[Event "Cap d'Agde GP CCAS"]
[Site "Cap d'Agde"]
[Date "2013.10.30"]
[Round "6"]
[White "Gordon, Stephen J"]
[Black "Doluhanova, Evgeniya"]
[Result "1-0"]
[WhiteElo "2526"]
[BlackElo "2326"]
[Annotator "RR"]
[PlyCount "107"]
[EventDate "2013.10.26"]
[EventType "swiss"]
[EventRounds "9"]
[EventCountry "FRA"]
[SourceTitle "EXT 2016"]
[Source "ChessBase"]
[SourceDate "2015.10.08"]
[SourceVersion "1"]
[SourceVersionDate "2015.10.08"]
[SourceQuality "1"]

1. c4 e6 2. g3 d5 3. Bg2 Nf6 4. Nf3 c6 5. O-O Be7 6. d4 O-O 7. Qc2 b6 8. Nbd2 (
8. Rd1 {[%cal Gd1d8]}) (8. Bf4) (8. Nc3 dxc4) 8... Bb7 9. e4 dxe4 $6 {Il vaut
mieux garder la tension centrale} (9... Nbd7 $142 10. e5 Ne8 11. cxd5 cxd5 12.
Re1 Rc8 13. Qa4 a5 14. Nf1 Ba6 15. h4 $14 {Kozhuharov,S (2404)-Karakehajov,K 
(2505) BUL-chT-A 60th 2010 (5.4) 1-0}) 10. Nxe4 Nxe4 11. Qxe4 Nd7 12. Rd1 $14 {
[%csl Gc5,Ge5][%cal Gd1d8]} a5 (12... Qc8 13. Bf4 Re8 14. Qc2 h6 15. Rac1 Bf8
16. c5 e5 17. Bxe5 Nxe5 18. Nxe5 bxc5 19. Bf1 Ba6 20. Qb3 Re7 21. Rxc5 Bxf1 22.
Rxf1 Re6 23. Rc4 Qe8 24. Nd3 Rd8 25. Qa4 Red6 26. Re1 Qd7 27. Ne5 Qe6 28. Re3
Rc8 29. b3 Qd5 30. Qxa7 f6 31. Ng6 Qf5 32. Ne7+ Bxe7 33. Rxe7 Qg6 34. Rb4 Re8
35. Rxe8+ Qxe8 36. Rb8 Rd8 37. Rxd8 Qxd8 38. Qc5 Qe8 39. Qc4+ Kh8 40. d5 Qe1+
41. Kg2 cxd5 42. Qxd5 {Sjugirov,S (2626)-Pogonina,N (2472) Moscow 2011 1-0}) (
12... Nf6 13. Qe2 $16 (13. Qc2 $16)) 13. Bf4 Ra7 $6 $146 (13... a4 14. Rac1 a3
15. b3 Nb8 16. Ne5 Bg5 17. Bxg5 Qxg5 18. c5 b5 19. Bf1 Ra7 20. Bd3 g6 21. h4
Qe7 22. h5 f6 23. Nf3 g5 24. Re1 Bc8 25. Nd2 Rd8 26. Rcd1 Qf7 27. Qf3 f5 28.
Qe3 Qxh5 29. Nf3 Rg7 30. Kg2 g4 31. Ne5 Qg5 32. Qxg5 Rxg5 33. Bc2 Rg7 34. b4
Na6 35. Nxc6 Bb7 36. Rxe6 Rg6 37. d5 Bxc6 38. Rxc6 Rxc6 39. dxc6 Rxd1 40. Bxd1
Kf7 41. Be2 Nc7 42. Bd3 Ke6 43. Kf1 {Benjamin,J (2540)-Taylor,T (2480) New
York 1985 1/2-1/2}) 14. c5 $1 {[%csl Rb7][%cal Gd1d8] Un thème classique dans
la Catalane} Nf6 15. Qc2 Nd5 16. Bd2 bxc5 (16... Nb4) 17. dxc5 {[%cal Gd1d8]}
Bf6 18. Bf4 $1 a4 19. a3 Ra5 20. Bd6 Be7 21. Bxe7 Qxe7 22. Rac1 $16 {[%csl Rb7]
[%cal Gf3e5,Ge5c4,Gc4d6,Ge5d3]} Ba6 23. Ne5 Rc8 24. Re1 (24. Be4) (24. h4)
24... Bb5 25. Bh3 $5 {[%csl Rc8,Re6][%cal Ge5f7]} Re8 (25... Raa8 $6 26. Nxf7
$1 Kxf7 27. Bxe6+ {[%csl Rc8,Re7,Rf7]}) 26. Re4 {[%cal Ge4h4]} Ra7 27. Rce1 (
27. Rh4 g6) 27... g6 28. Qc1 {[%cal Gc1h6,Ge4h4]} f5 29. Rd4 Qf6 30. Bg2 Qf8
31. h4 Qf6 32. Qd2 (32. h5 g5) 32... Qf8 33. Qc1 Qf6 34. Qg5 $1 {Les Noirs
vont souffrir sur cases noires} Qxg5 35. hxg5 {[%csl Rh7]} Kg7 36. f4 (36. Rh4)
36... Ree7 37. Kf2 h6 38. gxh6+ Kxh6 39. Bf3 (39. Rh1+ Kg7 40. Nf3 {[%cal
Gf3g5]} Kf6 41. g4 fxg4 42. Ne5 $44) 39... Kg7 40. Rh1 $1 Rec7 41. Ke1 Ra8 42.
Rd2 Rg8 43. Rdh2 $36 {[%csl Rg7]} Kf8 44. Rh6 Rcg7 45. Kd2 Ke7 46. Rh7 Kf8 47.
R1h6 Rxh7 48. Rxh7 Rg7 49. Rxg7 Kxg7 {Domination du N sur le mauvais B} 50.
Bxd5 $1 {[%csl Rb5]} exd5 51. Nf3 $18 {[%cal Gf3g5,Gd2c3,Gc3b4,Gb4a5,Ga5b6]}
Kf6 52. Nd4 (52. Ke3) 52... Ke7 53. Kc3 Kd7 54. Kb4 1-0

[Event "Sautron op 14th"]
[Site "Sautron"]
[Date "2014.10.25"]
[Round "8"]
[White "Ider, Borya"]
[Black "Bedouin, Xavier"]
[Result "1-0"]
[WhiteElo "2394"]
[BlackElo "2324"]
[Annotator "RR"]
[PlyCount "63"]
[EventDate "2014.10.26"]
[EventType "swiss"]
[EventRounds "9"]
[EventCountry "FRA"]
[SourceTitle "EXT 2015"]
[Source "ChessBase"]
[SourceDate "2014.11.20"]
[SourceVersion "1"]
[SourceVersionDate "2014.11.20"]
[SourceQuality "1"]
[TimeControl "40/5400+30:1800+30"]
[WhiteClock "0:27:57"]
[BlackClock "0:00:53"]

1. d4 {[%emt 0:00:00]} Nf6 {[%emt 0:00:00]} 2. c4 {[%emt 0:00:00]} e6 {[%emt 0:
00:01]} 3. g3 {[%emt 0:00:00]} d5 {[%emt 0:00:17]} 4. Nf3 {[%emt 0:00:04]} Be7
{[%emt 0:00:13]} 5. Bg2 {[%emt 0:00:05]} O-O {[%emt 0:00:15]} 6. O-O {[%emt 0:
00:04]} c6 {[%emt 0:00:15]} 7. Qc2 {[%emt 0:00:04]} Nbd7 {[%emt 0:00:18]} 8.
Nbd2 {[%emt 0:00:06]} b6 {[%emt 0:00:18]} 9. e4 {[%emt 0:00:08]} dxc4 {[%emt 0:
00:22]} (9... Bb7 $142 {Malgré l'avantage d'espace des Blancs, il vaut mieux
laisser la tension centrale} 10. e5 Ne8 11. cxd5 cxd5 12. Re1 Rc8 13. Qa4 a5
14. Nf1 Ba6 {Mchedlishvili,M (2630)-Karakehajov,K (2505) TUR-chT Konya 2010 (3)
1-0}) 10. Nxc4 {[%emt 0:03:18]} Bb7 {[%emt 0:00:14]} 11. e5 {[%emt 0:13:35]} (
11. Bf4 c5 12. Rfe1 cxd4 13. Nd6 d3 14. Qxd3 Nc5 15. Qd4 Nh5 16. Nxb7 Nxb7 17.
Bd2 Nf6 18. Rad1 Qe8 19. e5 Nd5 20. Ng5 h6 21. Bxd5 exd5 22. Qxd5 Bxg5 23. Bxg5
Nc5 24. Be3 Ne6 25. Qe4 Qb5 26. b3 Rad8 27. Rd6 Rfe8 28. Red1 Qe2 29. R1d2 Qe1+
30. Kg2 Rc8 31. Qg4 Rc1 32. Rd1 Rxd1 33. Rxd1 Qa5 34. Bxh6 Qxa2 35. Rd6 Re7 36.
Bxg7 {1-0 (39) Gelfand,B (2723)-Adams,M (2707) Wijk aan Zee 2006}) (11. Rd1 {
[%cal Gd1d8]} c5 12. Nfe5 $1 cxd4 13. Rxd4 $32 {Bu,X (2675)-Arnold,M (2445)
Biel MTO op 44th 2011 (2) 1-0}) 11... Nd5 {[%emt 0:01:17]} 12. h4 $14 {[%emt 0:
00:13][%cal Gf3g5]} h6 {[%emt 0:02:38]} 13. Nh2 $6 $146 {[%emt 0:03:57] Rrop
lent} (13. Qe4 Kh8 14. Qg4 Rg8 15. Qh5 Qf8 16. Ng5 Bxg5 17. hxg5 Ba6 18. b3 Rc8
19. gxh6 g6 20. Qf3 Bxc4 21. bxc4 Ne7 22. Ba3 c5 23. dxc5 Nxc5 24. Qf6+ Kh7 25.
Rfd1 Nf5 26. g4 Nxh6 27. g5 Nf5 28. Bxc5 Rxc5 29. Rd3 Rg7 30. Rd8 Qe7 31. Rad1
Qxf6 32. exf6 Rg8 33. R8d7 Rf8 34. Bf1 Nh4 35. f4 Ra5 36. R7d3 Rf5 37. Rh3 Rxf4
38. Kh2 Rg4 39. Be2 Rg2+ 40. Kh1 Rxe2 41. Rxh4+ Kg8 42. Rd3 Re1+ {Kaspret,G 
(2295)-Kreindl,H (2229) Austria 2006 1-0}) 13... c5 {[%emt 0:02:40]} 14. Qe2 {
[%emt 0:01:33]} cxd4 {[%emt 0:11:00]} 15. Qg4 {[%emt 0:11:54]} (15. Ng4 Rc8 16.
Nxh6+ $1 gxh6 17. Qg4+ Kh8 18. Qh5 Rxc4 19. Qxh6+ (19. Bxh6 $2 N5f6) 19... Kg8
20. Be4 f5 21. Qg6+ {Forçant la nulle}) 15... Kh8 16. Qh5 {[%emt 0:05:38]} b5
{[%emt 0:45:12] "long think,bad think", l'adage anglais se vérifie à nouveau
et Rc8 paraissait plus naurel} (16... Rc8 $142 17. Nd6 Bxd6 18. exd6 N5f6) 17.
Nd2 {[%emt 0:18:24]} (17. Ng4 $5 {[%cal Gc1h6,Gg4h6] La suite logique du coup
Nh2} Qe8 18. Nxh6 f6 19. Nf7+ Kg8 20. Na5 Rxf7 (20... Bc8 21. Be4 $40) 21. Nxb7
) 17... Qe8 {[%emt 0:11:28][%cal Ge8h5,Gf7f5]} 18. Ndf3 {[%emt 0:00:57]} Bc5 {
[%emt 0:02:03]} 19. Bxh6 $1 {[%emt 0:10:16] Gagne un P car les Noirs doivent
échanger les Q} f6 $8 {[%emt 0:00:39]} 20. Qxe8 {[%emt 0:00:41]} Raxe8 {
[%emt 0:01:18]} 21. Bd2 {[%emt 0:00:04]} fxe5 {[%emt 0:01:54]} 22. Ng5 $13 N7f6
{[%emt 0:06:37]} 23. Rae1 {[%emt 0:00:48]} (23. Rac1) 23... Bd6 {[%emt 0:03:18]
} 24. Nhf3 Ng4 25. h5 {[%emt 0:03:38]} Kg8 {[%emt 0:07:40]} 26. Nh4 {[%emt 0:
00:21][%cal Gh4g6]} Bc5 {[%emt 0:01:22]} 27. Ng6 {[%emt 0:00:46]} Rxf2 $2 {
[%emt 0:00:26] Joué quasiment à tempo} (27... Rf5) 28. Rxf2 {[%emt 0:00:21]}
d3 {[%emt 0:01:13]} 29. Ne4 {[%emt 0:00:03]} (29. Nh3 {[%cal Gh3f2]}) 29... Bd4
{[%emt 0:00:12]} 30. Bf3 {[%emt 0:00:51]} Nxf2 {[%emt 0:00:21]} 31. Nxf2 {
[%emt 0:00:04]} Kf7 {[%emt 0:01:06]} 32. Nxe5+ {[%emt 0:00:10]} 1-0

[Event "Moscow Aeroflot op-A"]
[Site "Moscow"]
[Date "2005.02.21"]
[Round "7"]
[White "Vaganian, Rafael A"]
[Black "Sargissian, Gabriel"]
[Result "0-1"]
[WhiteElo "2670"]
[BlackElo "2602"]
[Annotator "Ribli,Z"]
[PlyCount "80"]
[EventDate "2005.02.15"]
[EventType "swiss"]
[EventRounds "9"]
[EventCountry "RUS"]
[SourceTitle "CBM 106"]
[Source "ChessBase"]
[SourceDate "2005.06.06"]
[SourceVersion "1"]
[SourceVersionDate "2005.06.06"]
[SourceQuality "1"]

1. Nf3 Nf6 2. c4 e6 3. g3 d5 4. Bg2 Be7 5. d4 O-O 6. O-O c6 {Das ist die
Geschlossene Variante der Katalanischen Verteidigung: Schwarz hält die
Stellung geschlossen und plant seine Figuren am Damenflügel zu entwickeln.} 7.
Qc2 b6 8. Rd1 Ba6 9. b3 Nbd7 10. Nbd2 b5 {Dieser Bauernzug wird selten
gespielt, die folgende Alternative ist populärer. Mit dem Textzug möchte
Schwarz die Situation am Damenflügel festigen.} (10... Rc8) 11. c5 b4 12. Re1 {
Weiß bereitet 13.e4 vor, aber der Turmzug scheint mir ein wenig langsam;
logischer ist direkt 12.e4.} (12. e4 Bb5 (12... Nxe4 13. Nxe4 dxe4 14. Qxe4
Nxc5 15. Qc2 Nd7 16. Ne5 Nxe5 17. dxe5 Qc7 18. Qxc6 Qxc6 19. Bxc6 Rac8 20. Be4
Bb5 (20... Bc5 21. Bb2 Rfd8 22. Rac1 {1-0 Shtyrenkov,V-Talla,V/Karvina 1998/
EXT 2000 (78)}) 21. Be3 {1-0 Filippov,V-Liang Chong/Shenyang 1999/EXT 2000 (56)
}) 13. e5 Ne8 14. Nf1 a5 15. Bd2 Nc7 16. Re1 Na6 17. h4 Re8 18. N1h2 Nf8 19. g4
Bxh4 20. g5 Ng6 21. Ng4 $40 {1-0 Shumiakina,T-Levitan,Y/It (open) "Slaviya" (w)
, Primorsko (Bul 1989 (39)}) 12... Ne8 (12... Bb5 13. Bb2 (13. e4 a5 14. e5 Ne8
15. a4 (15. Nf1 Nc7 16. h4 Re8 17. N1h2 Qc8 18. Bf4 Qa6 19. Rad1 a4 {1/2-1/2
Quinn,M-Ortega,L/Open, Podova 1998 (26)}) 15... bxa3 16. Rxa3 Nc7 17. Bb2 Na6
18. Rea1 Nb4 19. Qd1 f6 20. Bc3 Nd3 21. exf6 Bxf6 22. Rxa5 {1-0 Raetsky,
A-Viglundsson,B/Hafnarfjordur 1996/EXT 97 (40)}) 13... Qc7 14. e4 Nxe4 15. Nxe4
dxe4 16. Rxe4 Nf6 17. Rh4 h6 18. Re1 Rfd8 19. Ne5 Nd7 20. Rxh6 $1 gxh6 21. Nxf7
$40 {1-0 Zubarev,A-Zaitsev,V/Serpukhov 2004/(37)}) 13. e4 Nc7 14. h4 Bb5 15.
Bb2 {[%csl Rb2] Weiß muss seinen schwarzfeldrigen Läufer auf das passive Feld
b2 positionieren.} (15. Nf1 dxe4 16. Qxe4 Nd5 $15) 15... Qe8 {[%mdl 32] Auf
den ersten Blick ist dieser Damenzug schwer nachvollziehbar. Aber im weiteren
Spielverlauf sehen wir, dass Schwarz nach dxe4 die Dame am Königsflügel ins
Spiel bringen kann.} 16. Bh3 dxe4 {Nach 15...Qe8 ist dieser Zug konsequent,
jedoch kann Weiß ebenfalls ein aktives Figurenspiel entfalten.} (16... a5 $5)
17. Nxe4 f5 $13 (17... Nd5 $13) 18. Neg5 (18. Nd6 Bxd6 19. cxd6 Nd5 $13) 18...
Qg6 {[%csl Gg6] Jetzt sieht man die Idee des Zugs 15...Qe8.} 19. Bg2 Rae8 20.
Bc1 $1 {[%cal Gc1f4,Gf4c7] Endlich kommt der schwarzfeldrige weiße Läufer ins
Spiel.} Bxg5 21. hxg5 $1 (21. Nxg5 e5 22. dxe5 Nxe5 23. Bf4 Nd3 24. Rxe8 Nxe8
25. a4 $13) 21... Nd5 {[%csl Gd5,Ye5] Es existieren auf beiden Seiten
Schwächen: der Nd5 dominiert im Zentrum, hingegen kontrolliert Weiß das Feld
e5.} 22. Bf4 $1 $14 Nxf4 23. gxf4 {[%csl Re5]} h6 24. Qd2 (24. a3 hxg5 25. fxg5
a5 26. axb4 axb4 27. Qd2 e5 28. Ra7 $16) 24... hxg5 25. fxg5 (25. Nxg5 $5 $14)
25... e5 $1 {Mit diesem Zug befreit Schwarz seine Stellung vom gegnerischen
positionellen Druck und strebt nach taktischen Gegenchancen.} 26. dxe5 $6 (26.
Nxe5 Nxe5 27. Rxe5 Rxe5 28. dxe5 f4 $132) 26... Nxc5 $132 27. Qd6 (27. Qxb4 $6
Nd3 28. Qh4 Nxe1 29. Rxe1 c5 $15 {[%cal Gb5c6]}) 27... Ne6 28. Rad1 (28. Qxb4
Nxg5 (28... Bd3 $44 {[%cal Gd3e4,Ge4g2]}) 29. Nxg5 Qxg5 $11) 28... a5 29. Nd4
f4 30. Nxb5 {[#]} f3 $1 $36 {[%csl Rg1,Rg5][%cal Gg6g1,Gf8f1] Dieser
Zwischenzug ist sehr unangenehm für Weiß; Schwarz hat gefährliche Drohungen am
Königsflügel.} (30... cxb5) 31. Nd4 (31. Bxf3 Rxf3 32. Qxc6 Ref8 $17) 31...
fxg2 32. Nxe6 Rxe6 $17 33. Qd7 (33. Qd3 Qxg5 $17 (33... Qh5 34. Kxg2 Rg6 35.
Re3 Rxg5+ 36. Rg3 Rxe5 37. Qd7 Qh6 $17)) 33... Qf5 34. f4 Qh3 35. Re4 Qh1+ 36.
Kf2 Rxe5 $1 $19 {[%csl Rf2][%cal Gf8f2][%mdl 64]} 37. Rxe5 (37. Qd4 Rxe4 38.
Qxe4 g1=Q+ $19 (38... Qxd1 $19)) 37... g1=Q+ 38. Rxg1 Rxf4+ 39. Ke3 Qf3+ 40.
Kd2 Qc3+ {[%csl Rd2][%cal Rc3d2,Rc3e5]} 0-1

[Event "Capablanca Memorial Elite 34th"]
[Site "Havana"]
[Date "1999.05.10"]
[Round "4"]
[White "Comas Fabrego, Luis"]
[Black "Nogueiras Santiago, Jesus"]
[Result "1/2-1/2"]
[WhiteElo "2541"]
[BlackElo "2540"]
[Annotator "Ribli,Z"]
[PlyCount "56"]
[EventDate "1999.05.??"]
[EventType "tourn"]
[EventRounds "13"]
[EventCountry "CUB"]
[EventCategory "12"]
[SourceTitle "CBM 071"]
[Source "ChessBase"]
[SourceDate "1999.08.01"]
[SourceVersion "1"]
[SourceVersionDate "1999.08.01"]
[SourceQuality "1"]

{[%mdl 40]} 1. c4 e6 2. Nf3 d5 3. d4 Nf6 4. g3 Be7 5. Bg2 O-O 6. O-O Nbd7 {
Schwarz spielt die geschlossene Variante der Katalanische Eröffnung. Statt des
Textzuges hat er viele Alternativen 6...dxc4 (offen), 6...c5, 6...b6 und 6...
c6. Ribli.} 7. Qc2 c6 8. Nbd2 b6 9. e4 {Ein typisches Bild. Weiß hat
Raumvorteil im Zentrum und Schwarz eine etwas passive Stellung.} Bb7 10. e5 {
Ich glaube, es wäre besser, die Spannung mit dem Zug 10.b3 zu halten. Nach dem
Textzug wird die Zentrumsstellung geschlossen und Schwarz kann in Ruhe den
Ausgleichszug ...c5 vorbereiten.} (10. b3 $5) 10... Ne8 11. b3 (11. cxd5 cxd5
$11 {[%cal Ga8c8,Gc8c2] Der weiße Raumvorteil ist ohne Bedeutung. Schwarz hat
gleiche Chancen. Im folgenden kann er ...Rc8 / ...Qc7 spielen.}) (11. Re1 Rc8
12. cxd5 cxd5 13. Qb1 $13 {Nikolic,Pr-Prie,E/Erevan olm/1996/}) 11... Nc7 {
Die Alternative 11...Rc8 mit der Idee 12...c5 war die andere Möglichkeit für
Schwarz.} (11... Rc8 12. Bb2 c5 13. cxd5 (13. dxc5 Nxc5 $11 (13... Bxc5 14. h4
{[%cal Gf3g5]})) 13... cxd4 14. Qd1 Bxd5 15. Bxd4 $11) 12. Bb2 c5 {Diesen
Befreiungszug strebt Schwarz normalerweise in der geschlossenen Katalanischen
Eröffnung an.} (12... Rc8 13. Rad1 a5 14. Rfe1 c5 {1/2-1/2 Lupu,M-Marin,M/
Sitges 1996/EXT 99 (14)}) 13. Rfe1 {Weiß entscheidet sich noch nicht für einen
konkreten Plan im Zentrum und macht einen Wartezug. Der Turmzug räumt das Feld
f1 für den Springer.} (13. Rfd1 Rc8 14. Nf1 Ba8 15. Qe2 Qe8 16. Ne3 dxc4 17.
Nxc4 Nd5 18. Nd6 Bxd6 19. exd6 Qd8 20. Rac1 {1-0 Vladimirov,E-Eslon,J/Cordoba
1990/EXT 97 (39)}) (13. Rac1 Rc8 {[%cal Yc8c2]} 14. Qb1 Ba6 $5 {[%cal Ya6f1]}
15. Rfd1 b5 16. cxd5 Nxd5 17. dxc5 Nxc5 $15 {[%csl Gc5,Gd5] 0-1 Prohorov,
A-Beshukov,S/Perm 1997/CBM 58/[Ribli] (30)}) 13... Qb8 $5 $146 {Schwarz
verteidigt den b7-Läufer und bereitet 14...dxc4 15.Nxc4 cxd4 und nach 16.Nxd4
Bxg2 17.Kxg2 Qb7+ vor.} 14. dxc5 Nxc5 (14... bxc5 $6 15. cxd5 $14) (14... Bxc5
15. Ng5 {[%cal Rc2h7]} g6 16. Rac1 $14) 15. Nd4 (15. cxd5 Nxd5 $11 {[%csl Gd5]
Weiß hat Raumvorteil, aber der schwarze Springer steht ausgezeichnet auf d5.})
15... a5 $5 $11 {Schwarz plant ...a4, um die a-Linie zum Tausch der Türme zu
öffnen.} (15... dxc4 $5 16. Nc6 (16. Nxc4 Bxg2 17. Kxg2 Qb7+ $11) 16... Qe8 17.
Nxe7+ Qxe7 18. Bxb7 Nxb7 19. Nxc4 $11) 16. a3 Rc8 {[%cal Gc8c2]} 17. b4 (17.
cxd5 {Dieser Zug ist nicht logisch, denn Weiß bringt den gegnerischer
c7-Springer ins Spiel.} Nxd5 $11 {[%csl Gd5]}) 17... axb4 18. axb4 Nd7 (18...
Rxa1 19. Bxa1 (19. Rxa1 $2 Nd7 $17 {[%csl Rb4,Re5][%cal Re7b4,Rd7e5]}) 19...
Nd7 20. b5) 19. b5 {[%csl Yc6] Das c6-Feld ist ein positionelles Loch in der
schwarze Stellung, was nach Läufertausch spürbar wird.} Rxa1 20. Bxa1 Nc5 {
[%cal Gc8c2]} (20... Bc5 $5 21. Qb3 dxc4 22. Nxc4 Bxg2 23. Kxg2 Nd5 24. Nc6 $11
) 21. Qb1 {Es ist ratsam, die Dame aus der c-Linie zu nehmen.} dxc4 22. Bxb7 (
22. Nxc4 Bxg2 23. Kxg2 Qb7+ 24. Kg1 (24. Nc6 $2 Nxb5 {[%csl Rg2]} 25. Qxb5
Qxc6+ 26. Qxc6 Rxc6 $17) 24... Nd5 {Wir haben die Partiestellung.}) (22. Nc6
Bxc6 23. Bxc6 Nd3 24. Re4 Rd8 (24... Bc5 25. Rxc4 Bxf2+ 26. Kg2 Rd8 27. Be4 $36
) 25. Nxc4 Nb4 $15) 22... Qxb7 23. Nxc4 Nd5 {[%csl Yc6,Gd5,Yd6]} 24. Nc6 {
[%csl Gc6]} Ra8 {Der c6-Springer steht schön, aber Weiß hat nichts Konkretes.
} 25. Qc2 (25. Nxe7+ {Dieser Tausch ist weniger logisch. Es ist besser für
Weiß, den starken c6-Springer auf dem Brett behalten.} Qxe7 26. Nd6 $11) 25...
Bf8 26. Bd4 (26. Nd6 $6 Bxd6 27. exd6 Qd7 {[%csl Rd6,Gd7]} 28. Be5 f6 29. Bd4
Qxd6 $15) 26... Nd7 27. Ra1 {Weiß tauscht Türme in der a-Linie.} Rxa1+ 28. Bxa1
Bc5 {Und hier wurde in gleicher Stellung Remis vereinbart.} 1/2-1/2

[Event "RUS-chT 12th"]
[Site "Sochi"]
[Date "2005.04.23"]
[Round "5"]
[White "Yakovich, Yuri"]
[Black "Frolyanov, Dmitry"]
[Result "1/2-1/2"]
[WhiteElo "2565"]
[BlackElo "2505"]
[Annotator "Ribli,Z"]
[PlyCount "56"]
[EventDate "2005.04.19"]
[EventType "team-tourn"]
[EventRounds "11"]
[EventCountry "RUS"]
[SourceTitle "EXT 2020"]
[Source "ChessBase"]
[SourceDate "2019.10.17"]
[SourceVersion "1"]
[SourceVersionDate "2019.10.17"]
[SourceQuality "1"]
[WhiteTeam "Samara Yunilain"]
[BlackTeam "Togliatti Lada"]
[WhiteTeamCountry "RUS"]
[BlackTeamCountry "RUS"]

1. c4 e6 2. g3 d5 3. Bg2 Nf6 4. Nf3 Be7 5. O-O O-O 6. d4 c6 7. Qc2 Nbd7 8. Rd1
b6 9. b3 {Ein üblicher Wartezug. Im Falle von 9...Ba6 entwickelt Weiß seinen
Springer nach d2, weil nach 9...Bb7 der Springer auf das Feld c3 gelangt.} Ba6
10. Nbd2 c5 $5 {Eine interessante Fortsetzung statt dem schablonenhaften 10...
Rc8, wonach 11.e4 c5 12.exd5 exd5 13.Nf1 Weiß gute Chancen auf
Eröffnungsvorteil besitzt. Der Textzug ist sehr populär nach der Partie
Huebner,R - Anand,V Dortmund 2000, die der indische Großmeister für sich
entschied} 11. e4 dxc4 12. Nxc4 (12. bxc4 $6 cxd4 13. e5 Ng4 14. Qe4 h5 $15)
12... cxd4 13. e5 {Eine scharfe Fortsetzung. Die positionelle Alternative ist
13.Nxd4.} (13. Nxd4 Rc8 14. a4 Bxc4 15. bxc4 Qc7 16. Bf1 (16. Bh3 Qb7 17. Bf4 {
1/2-1/2 Schebler,G-Horvath,C/Izmir 2004/}) (16. Bb2 Qxc4 17. Qxc4 Rxc4 18. Bf1
Rcc8 19. Bb5 Nb8 20. e5 Ne4 21. Rac1 Bb4 {0-1 Jurek,J-Horvath,C/Aschach 2002/ 
(43)}) 16... Qb7 17. f3 Bc5 18. Kg2 Ne5 19. Bb2 Nc6 20. Nxc6 Qxc6 21. Qd2 Nxe4
$1 22. fxe4 Qxe4+ 23. Kh3 Qf5+ 24. Kg2 Qe4+ 25. Kh3 Qf5+ 26. Kg2 {1/2-1/2
Stangl,M-Horvath,J/Hohenems 2005}) 13... Nd5 14. Nxd4 Rc8 15. Qb2 $5 {Mit
diesem Zug verlässt Weiß die c-Linie und opfert einen Bauern.} (15. a4 $2 Nxe5)
(15. Nf5 $2 b5 16. Bxd5 exd5 17. Rxd5 bxc4 18. Qd1 Rc7) 15... Bxc4 16. bxc4
Rxc4 17. Bxd5 exd5 18. Nf5 Bb4 {Schwarz gibt den Bauern zurück, aber aktiviert
seine Figuren - die Alternative 18...Rb4 kommt ebenfalls in Betracht und
bietet Schwarz gute Ausgleichchancen.} (18... Nxe5 $2 19. Rxd5 $1 $18) (18...
d4 19. Qe2 $40) (18... Rb4 $5 19. Qc2 (19. Qe2 $2 Re4 $17) (19. Qa3 Bc5 20.
Qxa7 Nxe5 21. Ba3 Rb5 22. Ne7+ Qxe7 23. Qxe7 Bxe7 24. Bxe7 Ra8 25. a4 Rba5 26.
Bb4 Rxa4 27. Rxa4 Rxa4 28. Rxd5 f6 $15 {1/2-1/2 Konopka,M-Horvath,C/Kraig 2003
(39)}) 19... Rc4 (19... Nxe5 $2 20. Rxd5 Nf3+ 21. Kh1 Qe8 22. Ba3 $16) 20. Qb2
(20. Qb3 $5) 20... Rb4 $11 {1/2-1/2 Stohl,I-Johannessen,L/BL 0304 Neukölln -
Wattenscheid 2004}) 19. Rxd5 Qc7 (19... Bc3 20. Qe2 Qc7 21. Bb2 Bxb2 22. Qxb2
Nc5 23. Nd6 $5 (23. Rad1 $5) 23... Qc6 24. Rad1 Na4 $2 (24... Ra4) 25. Qd2 $2 (
25. Qb3 $1) 25... Rc5 26. Rxc5 Nxc5 $14 {1/2-1/2 Poluljahov,A-Feigin,M/
Kakhovka 1997(35)}) 20. Rb1 Nc5 $11 {[%csl Gc5][%cal Gc5a4,Gc5e6][%mdl 4]
Schwarz verbessert seine Springerstellung und erhält die Option von Na4 oder
Ne6.} (20... Bc3 21. Qe2 Nxe5 22. Ba3 Re8 23. Nd6 $18 {[%cal Rd6e8,Rd6c4]} Qd7
24. Rxe5 Bxe5 25. Qxc4 Bxd6 26. Qd3 Qe6 27. Qxd6 {1-0 Kunte,A-Lapshun,Y/
Kapuskasing 2004/(53)}) 21. Bd2 (21. Bf4 Ne6 $15) 21... Na4 (21... Bxd2 22.
Qxd2 (22. Rxd2 $11) 22... Ne6 $11 (22... Ne4 23. Qd3 Ng5 (23... Nc3 $6 24. Rd7
Qxe5 (24... Qxd7 25. Qxd7 Nxb1 26. e6 $18) 25. Ne7+ Kh8 26. Qxc4 Nxb1 27. Qxf7
$16) 24. Rd7 $14)) 22. Qb3 Bxd2 23. Rxd2 Nc3 24. Re1 Re4 $1 $11 {[%csl Re5]
[%mdl 256] Das weiße Figurenspiel im Zentrum ist sehr harmonisch und sein Pe5
ist stark, aber Schwarz kann im weiteren Spielverlauf das Material reduzieren
und Remis erreichen.} 25. Rxe4 Nxe4 26. Rd5 {Weiß muss den e5-Bauern
verteidigen.} Nc3 {Schwarz erzwingt damit das Remis.} 27. Rd6 Ne4 28. Rd5 Nc3
1/2-1/2